000 00435nmm a2200145Ia 4500
008 251105s9999||||xx |||||||||||||||||und||
041 _aspa
100 _aJiménez, Pedro Ignacio
245 0 _aCastaños en Ipeva
264 _a[Madrid, España] :
_bDonbuk,
_c[Fecha de publicación no identificada]
300 _a0 páginas
650 _aSpanish narrative
856 _uhttps://public.digitaliapublishing.com/a/96458
942 _cCF
999 _c101494
_d101494